000 00819nam a22002777a 4500
003 CHAP
005 20220329140957.0
008 971013s1972 r 00010 d
010 _a60797
011 _a61769
035 _a65937
040 _cCHAP
082 _a550
_bR8
100 0 0 _aRuiz Elizondo, Jesús.
_9100662
245 _aGeología de México
260 _aMéxico, D. F. :
_bUNAM. Facultad de Ingeniería,
_c1972
300 _aPag. varía
590 _aBATCH-UPD
_b10
_c20130110
_lUCH01
_h0934
590 _aBATCH-UPD
_b10
_c20130410
_lUCH01
_h0552
590 _aBATCH-UPD
_b10
_c20130914
_lUCH01
_h1539
590 _aCONVERSION
_b10
_c20130109
_lUCH01
_h1333
650 1 4 _aGeología
_xMéxico.
_947632
901 _aBK
942 _cLIBRO
949 _a550 R8
_bBC
_cLIBRO
_d33724000712436
_eLIBRO
_h35966
_i65937
_si
999 _c60797
_d60797